00429nam a2200121Ia 4500008004100000024004800041100007300089245003500162260002600197600003400223650003300257999001700290260210s9999 xx 000 0 und d a08B-030-TE, 08B-002-TE & 08B-006-TE aRahim Khan Afridi, Muhammad Zohaib Tariq Qureshi & Maaz Ali Khan 0aVoice Recognition Using MATLAB aKarachi:bUITU,c2008 aTelecommunication Engineering aBachelor of Engineering (BE) c33581d33581